000 00606nam a2200217Ia 4500
005 20241129115731.0
008 241129s9999||||xx |||||||||||||| ||und||
020 _a9789391214340
037 _aTB
040 _aSDCL
_beng
_cSDCL
041 _ahin
_2hin
084 _aO15:g R3
_qSDCL
100 _aGhosh Doll; Mishra Arun Ranjan
_9728223
245 0 _aAcharya-Radhavallabhatripathinah Kavyakalaparisilanam
260 _aDelhi
_bShivalik Prakashan India
_c2023
300 _axvi,265p,
365 _aINR
_b1295
650 _aSanskrit
942 _cTB
_hO15:g R3
999 _c1231779
_d1231779